[Event "Yingmei Cup CHN-chT 2017"]
[Site "?"]
[Date "2017.07.27"]
[Round "9"]
[White "Liu, Guanchu"]
[Black "Peng, Xiongjian"]
[Result "0-1"]
[WhiteElo "2437"]
[BlackElo "2423"]
[Annotator "TA"]
[PlyCount "108"]
[EventDate "2017.??.??"]
[SourceTitle "Ningbo"]

1. e4 e5 2. Nf3 Nc6 3. c3 d5 4. Qa4 f6 5. Bb5 Nge7 6. exd5 Qxd5 7. d4 Bd7 {
next ...a6 is good for Black.} 8. O-O {C44: Ponziani Opening and Scotch Gambit}
exd4 $1 (8... a6 9. c4 Qd6 10. dxe5 fxe5 11. Rd1 Qe6 12. Nc3 Rc8 13. Ng5 Qg4
14. h3 axb5 15. Qxb5 Qf5 16. Qxb7 Nd4 17. Nb5 Bc6 18. Qa6 Nxb5 19. cxb5 Ra8 20.
g4 Qc2 21. Rd2 Qg6 {0-1 (21) Durarbayli,V (2627)-So,W (2822) chess.com INT 2017
}) 9. cxd4 O-O-O (9... Ne5 $15 10. Bxd7+ Qxd7 11. Qxd7+ Nxd7) 10. Nc3 {The
position is equal.} Qh5 11. Be3 $146 ({Predecessor:} 11. d5 Nxd5 12. Nxd5 Qxd5
13. Bf4 a6 14. Be2 Bc5 15. Rfd1 Nd4 {0-1 (44) Harris,I (2160)-Jacobson,B (2202)
ICC INT 2015}) 11... Nd5 12. Rac1 a6 $36 {And now ...Nxc3 would win. Black
fights for an advantage.} 13. Nxd5 (13. Be2 {feels hotter.} Nxe3 14. fxe3 Nb4
15. Qb3 Qh6 16. Nd1) 13... Qxd5 14. Bc4 Nxd4 $1 15. Nxd4 Bxa4 16. Bxd5 Rxd5 17.
Ne6 Bd6 18. Rfe1 ({White should play} 18. Nxg7 Kd7 19. b3) 18... Bd7 $17 19.
Nf4 Rb5 20. b3 Ba3 21. Rc4 Re8 22. h3 Rb4 23. Rxb4 Bxb4 24. Rc1 Ba3 25. Rc3 Bc6
26. Nh5 Re7 27. Rc4 f5 28. g4 g6 29. Nf6 Bd6 30. g5 Bf3 31. Rh4 Be5 (31... b5
$142 32. Bf4 Ba3) 32. Bd4 Bxd4 33. Rxd4 {Endgame KRB-KRN} c5 34. Rc4 b6 35. Kh2
Kb7 36. Rh4 {[#]} (36. Kg3 $17 {keeps fighting.} Be4 37. Rc1) 36... b5 $1 $19
37. Kg3 {[#]} Be4 $1 38. Kf4 $2 (38. Nxe4 {is tougher.} fxe4 39. Kf4) 38... Bb1
39. a3 a5 40. Rxh7 (40. Kg3 $142 Ba2 41. Nd5) 40... Rxh7 41. Nxh7 {KB-KN} Bc2
42. Nf8 Bxb3 43. Ke3 b4 44. axb4 a4 45. Kd2 cxb4 46. Nxg6 a3 {Black mates.} 47.
Kc1 Ba2 48. Nf4 b3 49. Nd3 b2+ 50. Nxb2 axb2+ 51. Kxb2 Bf7 52. Kc3 Kc6 53. Kd4
Kd6 54. f3 Bh5 {Precision: White = 46%, Black = 79%.} 0-1

[Event "Yingmei Cup CHN-chT 2017"]
[Site "?"]
[Date "2017.07.27"]
[Round "9"]
[White "Guo, Qi"]
[Black "Ding, Yixin"]
[Result "1/2-1/2"]
[WhiteElo "2413"]
[BlackElo "2420"]
[Annotator "TA"]
[PlyCount "58"]
[EventDate "2017.??.??"]
[SourceTitle "Ningbo"]

1. d4 {Program Activation Required} Nf6 2. c4 e6 3. Nf3 d5 4. Nc3 c5 5. cxd5
Nxd5 6. e4 Nxc3 7. bxc3 cxd4 8. cxd4 Bb4+ 9. Bd2 Bxd2+ 10. Qxd2 O-O 11. Bc4 Nd7
12. O-O {[%emt 0:00:05] D41: Queen's Gambit Declined: Semi-Tarrasch with cxd5}
b6 13. d5 (13. Rac1 Bb7 14. d5 Nc5 15. Rfe1 Qf6 16. Qe3 Rac8 17. e5 Qg6 18. d6
f6 19. Nh4 Qg4 {1-0 (34) Aronian,L (2793)-Kramnik,V (2808) Stavanger 2017})
13... Nf6 14. dxe6 Bxe6 15. Bxe6 Qxd2 16. Nxd2 fxe6 17. f3 Rfd8 {[#]} 18. Rfd1
$146 Rac8 19. Nb3 Rxd1+ 20. Rxd1 e5 21. Rc1 Rxc1+ 22. Nxc1 Kf7 23. Kf2 Ke6 24.
Ke3 Kd6 25. Nd3 Nd7 26. g3 g5 27. f4 gxf4+ 28. gxf4 b5 29. h4 a5 1/2-1/2

[Event "Yingmei Cup CHN-chT 2017"]
[Site "?"]
[Date "2017.07.27"]
[Round "9"]
[White "Wang, Tongsen"]
[Black "Bai, Jinshi"]
[Result "1-0"]
[WhiteElo "2385"]
[BlackElo "2585"]
[Annotator "TA"]
[PlyCount "105"]
[EventDate "2017.??.??"]
[SourceTitle "Ningbo"]

1. e4 c5 2. Nf3 Nc6 3. Nc3 a6 4. d4 cxd4 5. Nxd4 e6 6. g3 Qc7 7. Bg2 Nf6 8. O-O
Bc5 9. Nb3 Ba7 10. Qe2 Ne5 {[%emt 0:00:06] B47: Sicilian: Taimanov: 5 Nc3 Qc7
f4, 6 g3 and 6 Be2} 11. Kh1 {With the idea f4.} d6 12. f4 $146 ({Find the
theoretical novelty and annotate with similar games:} 12. Nd2 O-O 13. a4 Bd7
14. f4 Nc6 15. g4 Nd4 16. Qd1 Nxg4 17. Qxg4 Nxc2 18. Rb1 {1/2-1/2 (28)
Guseinov,G (2527)-Bar,R (2418) Moscow 2002}) 12... Nc4 {The position is equal.}
13. e5 dxe5 14. fxe5 Nd5 $1 15. Nxd5 (15. Bxd5 exd5 16. Nxd5 Qc6 $17) 15...
exd5 16. Bxd5 Be6 17. Bxe6 fxe6 (17... Qc6+ $11 18. Qf3 Qxe6) 18. Bg5 (18. Kg2
$16) 18... Qc6+ $11 19. Qf3 Qxf3+ 20. Rxf3 h6 21. Bd2 Nxe5 (21... Rf8 $11 {
remains equal.} 22. Rxf8+ Kxf8) 22. Rf4 $36 {Keeping Black busy.} Nc6 23. Re1
e5 24. Bc3 O-O-O 25. Rf7 Rd7 (25... Rhf8 $11 26. Rxg7 Rf2) 26. Rxd7 $14 Kxd7
27. Bxe5 Nxe5 28. Rxe5 {Endgame KRB-KRN} Rf8 {...Rf1+ would now be nice for
Black.} 29. Re2 Rf1+ 30. Kg2 Rb1 31. c3 g5 32. Kf3 h5 33. Ke4 {aiming for Kf5.}
Ke6 34. Na5 b5 35. Nc6 Bc5 36. Nd8+ Kd7 37. Nf7 g4 (37... Be7 $16 38. Kf5 Rf1+
39. Kg6 Rf6+ 40. Kg7 Rf5) 38. Kf5 $18 Rh1 (38... Ra1 {was worth a try.} 39. Kg6
Rxa2 40. Ne5+ Kc7 41. Kxh5 Bd6) 39. Kg5 Rf1 40. Ne5+ Kd6 41. Nd3 Rd1 42. Nf4 {
White is clearly winning.} a5 43. Kxh5 Ra1 44. Kxg4 Rxa2 (44... Kd7 $142 45. a3
Rg1) 45. b4 Rxe2 46. bxc5+ ({Less strong is} 46. Nxe2 axb4 47. cxb4 Bxb4 $14)
46... Kxc5 47. Nxe2 {KN-KPP} a4 48. h4 Kc4 49. h5 a3 50. Nc1 Kxc3 51. h6 Kc2
52. h7 Kxc1 53. h8=Q {Precision: White = 78%, Black = 39%.} 1-0

[Event "Yingmei Cup CHN-chT 2017"]
[Site "?"]
[Date "2017.07.27"]
[Round "9"]
[White "Lan, Zilun"]
[Black "Yu, Ruiyuan"]
[Result "1-0"]
[WhiteElo "2357"]
[BlackElo "2526"]
[Annotator "TA"]
[PlyCount "97"]
[EventDate "2017.??.??"]
[SourceTitle "Ningbo"]

1. d4 d5 2. c4 dxc4 3. e3 Nf6 4. Bxc4 e6 5. Nf3 a6 6. O-O c5 7. Qe2 Nc6 8. Nc3
cxd4 9. Rd1 Be7 10. exd4 Nb4 11. Ne5 O-O 12. a3 Nbd5 13. Rd3 {LiveBook: 3
Games. D26: Queen's Gambit Accepted: 4 e3 e6 5 Bxc5 c5 sidelines} Nxc3 (13...
b5 14. Bb3 Bb7 15. Rh3 Rc8 16. Bg5 g6 17. Rd1 Nxc3 18. bxc3 Ne4 19. Bd2 Bg5 20.
Be1 Kg7 {0-1 (36) Huzman,A (2581)-Fomin,T (2312) Minsk 2015}) 14. bxc3 b5 15.
Bb3 {White is better.} Bb7 16. Rh3 Be4 $146 ({Black should play} 16... Rc8 $14)
({Find the theoretical novelty and annotate with similar games:} 16... Rc8 17.
Bg5 Ne4 18. Bxe7 Qxe7 19. Bc2 Ng5 20. Bxh7+ Nxh7 {0-1 (35) Smirnov,S (2283)
-Kurilov,V (2329) St Petersburg 2006}) 17. Bg5 {And now Bxf6 would win.} Bg6 (
17... Bb7 $142) 18. d5 Nxd5 19. Bxd5 Bxg5 20. Bxa8 Qxa8 21. Nxg6 hxg6 {[#]} 22.
c4 $1 bxc4 23. Qxc4 Rc8 24. Qa4 a5 25. Rd1 Bf6 26. Rb3 Qa7 27. h3 Qc7 28. Rb5
Bd8 29. Qb3 Bf6 30. Qf3 g5 (30... Qc2 $16) 31. g3 $18 Qa7 32. Rb7 Qc5 33. Rdd7
Qc3 34. Rd3 Qe1+ 35. Kg2 Qe5 36. a4 Qa1 {[#]} (36... Qf5 {was worth a try.} 37.
Qxf5 exf5) 37. Rxf7 $1 Qxa4 (37... Rb8 $142) (37... Kxf7 38. Qb7+) 38. Rxf6
gxf6 39. Qxf6 {Endgame KQR-KQR} Qe4+ 40. Rf3 g4 41. hxg4 a4 (41... Rb8 $142 42.
Qg5+ Kh7 43. Qh5+ Kg8 44. Qxa5 Qd5 45. Qxd5 exd5) 42. g5 a3 43. g6 (43. Qf7+
$142 Kh8 44. g6 Qxf3+ 45. Kxf3 Rc3+ 46. Kg2 Rxg3+ 47. fxg3 e5 48. Qh7#) 43...
Qb7 44. Qxe6+ Kg7 45. Qf6+ Kh6 46. Kh2 {Qh4+ would kill now.} Rc6 47. Qf7 Rc7
48. Qf8+ (48. Qf4+ $142 Kxg6 49. Qf5+ Kh6 50. Rf4 Qh1+ 51. Kxh1 Rc1+ 52. Kg2
Rg1+ 53. Kxg1 a2 54. Rh4+ Kg7 55. Rh7+ Kg8 56. Qf7#) 48... Kg5 49. Rf5+ {
Precision: White = 86%, Black = 31%.} 1-0

[Event "Yingmei Cup CHN-chT 2017"]
[Site "?"]
[Date "2017.07.27"]
[Round "9"]
[White "Wang, Jue"]
[Black "Ning, Kaiyu"]
[Result "1-0"]
[WhiteElo "2335"]
[BlackElo "2131"]
[Annotator "TA"]
[PlyCount "79"]
[EventDate "2017.??.??"]
[SourceTitle "Ningbo"]

1. e4 {Program Activation Required} e6 2. d4 d5 3. Nc3 dxe4 4. Nxe4 Bd7 5. Nf3
Bc6 6. Bd3 Nd7 7. O-O Ngf6 8. Ng3 Be7 9. c3 O-O 10. Re1 b6 {C10: French with 3
Nc3: Unusual Black 3rd moves and 3...dxe4} (10... Re8 11. Bc2 Bf8 12. Bg5 h6
13. Bf4 Bd5 14. Ne5 c5 15. Qd3 Nxe5 16. dxe5 c4 17. Qe2 Nh7 18. Qg4 Kh8 19. Nh5
g6 20. Re3 gxh5 21. Qxh5 Re7 22. Rg3 Rd7 23. Bxh7 {1-0 (23) Zhao,J (2589)-Wang,
Y (2706) Xinghua 2013}) 11. Bg5 Bb7 12. Qe2 h6 13. Bf4 $146 ({NOTEXT:} 13. Bd2
c5 14. Rad1 Qc7 15. Ne5 cxd4 16. cxd4 Nxe5 17. dxe5 Qc6 18. Qf1 {1-0 (43)
Buervenich,S (2160)-Hoyos,A Matinhos 1994}) 13... Nd5 14. Bd2 c5 15. dxc5 Nxc5
16. Bc2 Qc7 17. Ne5 Bd6 18. c4 Nf6 19. Bc3 Be7 20. Rad1 Rad8 21. Rxd8 Bxd8 22.
b4 Ncd7 23. f3 Be7 24. Ng6 Re8 25. Nxe7+ Rxe7 26. Qd3 e5 27. Nf5 Re6 28. Qe3
Nh5 29. Rd1 Nf8 30. Kh1 Nf4 31. Nxg7 Nxg2 32. Kxg2 Kxg7 33. Bf5 Re7 34. Bd2 Qc6
35. Rg1 Nh7 36. Kf2+ Ng5 37. h4 Qxc4 38. hxg5 Qh4+ 39. Rg3 h5 40. g6 1-0

[Event "Yingmei Cup CHN-chT 2017"]
[Site "?"]
[Date "2017.07.27"]
[Round "9"]
[White "Yuan, Ye"]
[Black "Zhu, Jiner"]
[Result "1-0"]
[WhiteElo "2306"]
[BlackElo "2154"]
[Annotator "TA"]
[PlyCount "93"]
[EventDate "2017.??.??"]
[SourceTitle "Ningbo"]

1. d4 Nf6 2. c4 b6 3. Nc3 e6 4. d5 (4. e4 Bb4 5. Bd3 Bb7 6. Qc2 Bxc3+ 7. bxc3
d6 8. f4 c5 9. Nf3 Nbd7 10. a4 Rc8 11. d5 exd5 12. exd5 O-O 13. O-O Re8 14. Bd2
h6 15. h3 a6 {1-0 (30) Zhou,J (2595)-Zheng,A (2252) Philadelphia 2017}) 4...
Bb4 5. Bg5 h6 6. Bh4 {A50: Queen's Fianchetto Defence (1 d4 Nf6 2 c4 b6)} Bb7
$146 (6... Bxc3+ $5 7. bxc3 O-O $17) ({Predecessor:} 6... g5 7. Bg3 Bxc3+ 8.
bxc3 d6 9. dxe6 Bxe6 10. e3 Nc6 11. Nf3 Qd7 {0-1 (23) Verdier,P-Dru,L France
1987}) 7. dxe6 ({White should play} 7. e4 $15) 7... fxe6 (7... dxe6 $17 {
...Bxc3+ is the strong threat.} 8. Qxd8+ Kxd8) 8. e3 (8. Qc2 $15) 8... O-O ({
Better is} 8... Bxc3+ $17 9. bxc3 Na6) 9. Nf3 (9. Nge2 $11) 9... Qe8 10. Be2 d6
11. Qb3 Nc6 (11... Bxc3+ $5 12. Qxc3 Nbd7 $15) 12. a3 Bxc3+ 13. Qxc3 Qg6 14.
Bg3 Ne7 15. O-O-O Ne4 16. Qc2 Qf7 17. Bd3 {[#]} Nc5 $1 18. Ne1 Nxd3+ 19. Qxd3
e5 20. e4 $1 a5 21. a4 Ba6 22. b3 Rfd8 23. Qe3 (23. Nc2 $11) 23... Bxc4 (23...
c6 $17) 24. bxc4 $11 Qxc4+ 25. Nc2 Qxa4 26. f4 exf4 27. Bxf4 Re8 28. Rd4 Qc6
29. Qg3 Kh8 30. Rf1 {And now Bxh6! would win.} Qb5 31. Rf3 $40 {White is up to
no good.} a4 (31... Rf8 $14) 32. Qh3 Ng8 33. g4 {Hoping for g5.} Rf8 (33... a3
$1 $11 {remains equal.} 34. Rxa3 (34. Nxa3 Qc5+ 35. Rc4 Qg1+ 36. Kc2 b5 $17)
34... Rxa3 35. Nxa3 Qe2) 34. g5 $16 a3 35. gxh6 g5 {[#]} (35... Nxh6 $16 36.
Rb3 Qe2) 36. Rb3 $1 $18 (36. Nxa3 Qc5+ 37. Rc4 Qg1+ 38. Rf1 Rxa3 $11) 36... Qe2
$2 (36... Qc6 $16 37. Bd2 (37. Rc3 Qe8 $11) 37... a2) 37. Qc3 {Black must now
prevent Rxd6+.} Nf6 {Threatens to win with .. .Qf1+.} 38. Bxg5 a2 (38... Qh5
$142 39. Rd5 Kh7 40. Rxa3 Rxa3 41. Nxa3 Ne8) 39. Rd1 Qf2 40. Ra3 (40. Rb5 $142
Ra5 41. Rxa5 bxa5 42. Kb2) 40... Rxa3 41. Qxa3 Kh7 42. Qxa2 Nxe4 43. Be3 Qf5
44. Qc4 c5 45. Rg1 d5 46. Qe2 Qf7 $2 (46... Qe6 47. Qa6 Rf7) 47. Rg7+ {
Precision: White = 49%, Black = 27%.} 1-0

[Event "Yingmei Cup CHN-chT 2017"]
[Site "?"]
[Date "2017.07.27"]
[Round "9"]
[White "Zhai, Mo"]
[Black "Ren, Xiaoyi"]
[Result "1-0"]
[WhiteElo "2303"]
[BlackElo "2262"]
[Annotator "TA"]
[PlyCount "155"]
[EventDate "2017.??.??"]
[SourceTitle "Ningbo"]

1. d4 {Program Activation Required} d5 2. c4 e6 3. Nf3 Nf6 4. Bg5 Be7 5. e3 O-O
6. Bd3 dxc4 {D30: Queen's Gambit Declined: Systems without Nc3} (6... c5 7. b3
cxd4 8. exd4 Bb4+ 9. Nbd2 dxc4 10. bxc4 Nc6 11. O-O Nxd4 12. Bxh7+ Kxh7 13.
Qb1+ Kg8 14. Qxb4 {0-1 (35) Chatalbashev,B (2533)-Ladva,O (2337) Tallinn 2014})
7. Bxc4 c5 8. O-O Nc6 9. dxc5 Ne4 10. Bf4 Qxd1 $146 ({NOTEXT:} 10... Nxc5 11.
Nc3 Bf6 12. Rc1 Qb6 13. Qe2 Bd7 14. a3 {1-0 (24) Stephan,M (1692)-Sandmann,M 
(1542) Germany 2011}) 11. Rxd1 Nxc5 12. Nc3 a6 13. Nd4 Bd7 14. Nb3 Nxb3 15.
axb3 Be8 16. Ne4 e5 17. Bg3 Kh8 18. Nd6 f5 19. f3 Bxd6 20. Rxd6 Bf7 21. Rd7
Bxc4 22. bxc4 Rab8 23. Rad1 a5 24. R1d5 Rfd8 25. Rf7 g6 26. Bh4 Kg8 27. Rc7
Rdc8 28. Rdd7 Rxc7 29. Rxc7 Nd8 30. Be1 a4 31. Bc3 Nf7 32. Kf2 g5 33. Ke2 b6
34. Ra7 Rc8 35. Rxa4 Nd6 36. b3 b5 37. Ra6 Nf7 38. Kd3 bxc4+ 39. bxc4 Rd8+ 40.
Kc2 Rc8 41. Kb3 h5 42. Ra5 Rd8 43. c5 Kf8 44. c6 Ke7 45. Bxe5 Rc8 46. Bc3 Rxc6
47. Rxf5 Ra6 48. e4 Rb6+ 49. Kc2 Ra6 50. Ra5 Rc6 51. Kd3 Ke6 52. h4 Rd6+ 53.
Kc2 gxh4 54. Rxh5 Ra6 55. Rxh4 Ra2+ 56. Bb2 Ra5 57. Rg4 Nd6 58. Rg6+ Ke7 59.
Kd3 Ra4 60. e5 Nf5 61. Rf6 Nh4 62. g3 Ng2 63. Bc3 Ra3 64. f4 Ne1+ 65. Kc4 Nc2
66. Rc6 Kd7 67. Rd6+ Ke7 68. Rd3 Ra6 69. f5 Na3+ 70. Kb3 Nb5 71. Bb4+ Ke8 72.
e6 Ra1 73. Kc4 Nc7 74. e7 Rf1 75. Rd8+ Kf7 76. Rf8+ Kg7 77. Bc3+ Kh6 78. Rc8
1-0

[Event "Yingmei Cup CHN-chT 2017"]
[Site "?"]
[Date "2017.07.27"]
[Round "9"]
[White "Gu, Tianlu"]
[Black "Yao, Lan"]
[Result "1/2-1/2"]
[WhiteElo "2212"]
[BlackElo "2273"]
[Annotator "TA"]
[PlyCount "86"]
[EventDate "2017.??.??"]
[SourceTitle "Ningbo"]

1. e4 c5 2. Nf3 d6 3. d4 cxd4 4. Nxd4 Nf6 5. Nc3 Nc6 6. Bg5 e6 7. Qd2 a6 8.
O-O-O Bd7 9. f4 b5 10. Bxf6 gxf6 11. Kb1 b4 {B67: Sicilian: Richter-Rauzer: 7..
.a6 8 0-0-0 Bd7, lines without 9 f4 Be7} 12. Nce2 Qb6 13. Nxc6 (13. g3 Rc8 14.
Bg2 h5 15. Bf3 Na5 16. b3 Bg7 17. g4 h4 18. g5 fxg5 19. Rhg1 {1-0 (28) Anand,V
(2779)-Li,C (2720) Doha 2016}) 13... Bxc6 14. f5 e5 15. Ng3 h5 16. h4 {
LiveBook: 76 Games} Qc5 17. Qe2 Ke7 $1 18. Nxh5 Bb5 19. Qg4 $1 Bh6 $1 20. Rd5 {
[#]} (20. Bxb5 axb5 21. Nxf6 Kxf6 $19) 20... Qc6 $146 (20... Qc7 $1 $14) ({
Find the theoretical novelty and annotate with similar games:} 20... Qc7 21.
Qd1 {1/2-1/2 (41) Eliseev,U (2530)-Dubov,D (2661) Kaliningrad 2015}) 21. Qd1
$18 (21. Bxb5 axb5 22. Qd1 Rxa2 $3 $19) 21... Bxf1 22. Rxf1 (22. Qxf1 $6 Rac8
$16) 22... Rad8 23. g4 Be3 24. Rf3 (24. g5 $18 {and White stays clearly on top.
}) 24... Bd4 25. Rb3 (25. Rxd4 $6 exd4 26. Qxd4 Rh6) 25... Qc4 26. Rd3 Rc8 27.
Qd2 (27. R3xd4 exd4 28. Rxd4 Qc5 $16) (27. b3 $18 {has better winning chances.}
Qc6 28. R3xd4 exd4 29. Rxd4) 27... Rcg8 (27... Rxh5 $16 {keeps fighting.} 28.
gxh5 Rg8) 28. Qd1 (28. R5xd4 exd4 29. Qe2 Qb5 $11) 28... Rc8 29. Rb3 $2 (29.
R3xd4 $6 exd4 30. Rxd4 Qc5 $16) (29. b3 $18 Qc6 30. R5xd4 exd4 31. Rxd4) 29...
Bc5 (29... Rcd8 $1 $11) 30. Qd3 $2 {[#]} (30. g5 $14 {stays ahead.} fxg5 31.
hxg5) 30... Qxd3 $1 $40 {Black goes for the king.} 31. Rdxd3 (31. Rbxd3 $2 Rcg8
$19) 31... Rcg8 {And now ...Rxh5! would win.} 32. Rg3 Bf2 33. Rxb4 (33. Rg2 $17
Rxh5 34. Rxf2 Rxg4 35. a3) 33... Rxh5 34. Rb7+ Kf8 35. Rc3 $2 (35. Rb8+ $17 Kg7
36. Rxg8+ Kxg8 37. gxh5+ Bxg3 38. Kc1) 35... Rxg4 $19 36. a3 Rh7 37. Rc6 Rxe4
38. Rxd6 Ra4 ({Don't play} 38... Rexh4 39. Rxf6 Rf4 40. Rxa6 $19) (38... Bxh4
39. Rxa6 Rf4 40. Ra8+ Kg7 41. Rbb8 $19) 39. Rxf6 e4 {Hoping for ... e3.} 40.
Rd6 {White threatens f6 and mate.} Kg7 $2 ({Worse is} 40... Rxh4 41. Rdd7 $11)
(40... Rc4 $19 {aiming for ...e3.} 41. f6 Rc8) 41. Rg6+ Kf8 42. Rd6 $2 (42.
Rb8+ $11 Ke7 43. Rb7+ Kf8 44. Rb8+ Ke7 45. Rb7+ Kf8) 42... Kg7 $2 ({Weaker is} 
42... Rxh4 43. Rdd7 $11) (42... Rc4 $19 {Threatens to win with ...e3.} 43. Rb8+
Ke7 44. Rxa6 e3 45. Rb7+ Kf8) 43. Rg6+ $11 Kf8 {Precision: White = 31%, Black
= 54%.} 1/2-1/2

[Event "Yingmei Cup CHN-chT 2017"]
[Site "?"]
[Date "2017.07.27"]
[Round "9"]
[White "Wang, Doudou"]
[Black "Lagno, Kateryna"]
[Result "0-1"]
[WhiteElo "2207"]
[BlackElo "2535"]
[Annotator "TA"]
[PlyCount "98"]
[EventDate "2017.??.??"]
[SourceTitle "Ningbo"]

1. d4 {Program Activation Required} Nf6 2. c4 g6 3. Nc3 d5 4. cxd5 Nxd5 5. e4
Nxc3 6. bxc3 Bg7 7. Nf3 c5 8. Be3 Qa5 9. Qd2 O-O 10. Be2 Nc6 11. Rc1 cxd4 {
[%emt 0:00:07] D85: Exchange Grünfeld: Unusual White th moves and lines with
7 Nf3} 12. Nxd4 (12. cxd4 Qxd2+ 13. Kxd2 Rd8 {1/2-1/2 (13) Lajthajm,B (2427)
-Obodchuk,A (2377) Novi Sad 2017}) 12... Rd8 13. Nxc6 bxc6 14. Qc2 Be6 15. O-O
Qxa2 16. Qxa2 Bxa2 17. Ra1 Be6 18. Rxa7 Rxa7 19. Bxa7 Rd2 $146 20. Bf3 Bxc3 21.
Rc1 Ra2 22. Bc5 Kf8 23. h4 Ra1 24. Rxa1 Bxa1 25. h5 Be5 26. hxg6 fxg6 27. Kf1
h5 28. Ke2 h4 29. Ke3 g5 30. Bd1 Kf7 31. Bh5+ Kf8 32. Kf3 Bf6 33. Be3 Kg7 34.
Be8 g4+ 35. Kf4 Kh6 36. Bxc6 Bg5+ 37. Ke5 Bc8 38. Bf4 h3 39. gxh3 gxh3 40. Bh2
Bh4 41. f3 Bf2 42. Kf4 Kh5 43. Be8+ Kh4 44. Bc6 e5+ 45. Kxe5 Bg3+ 46. Kf6 Bxh2
47. f4 Bxf4 48. e5 Kg3 49. e6 Bd6 0-1

[Event "Yingmei Cup CHN-chT 2017"]
[Site "?"]
[Date "2017.07.28"]
[Round "10"]
[White "Grischuk, Alexander"]
[Black "Wang, Tongsen"]
[Result "1-0"]
[WhiteElo "2761"]
[BlackElo "2385"]
[Annotator "TA"]
[PlyCount "65"]
[EventDate "2017.??.??"]
[SourceTitle "Ningbo"]

1. e4 c5 2. Nf3 d6 3. d4 Nf6 4. Nc3 cxd4 5. Nxd4 a6 6. Be3 e6 7. f3 b5 8. Qd2
Nbd7 9. g4 h6 10. O-O-O Bb7 11. h4 b4 12. Na4 Qa5 13. b3 Nc5 14. a3 Nxa4 15.
axb4 Qc7 16. bxa4 d5 17. e5 Nd7 18. f4 Nb6 {B80: Sicilian Scheveningen: 6 g3
and 6 Be3, including English Attack} 19. Rh3 Rc8 20. Bf2 {[#] LiveBook: 14
Games} Nc4 $146 (20... Qd7 $14) ({Find the theoretical novelty and annotate
with similar games:} 20... Qd7 21. Nb3 Nc4 22. Bxc4 Rxc4 23. Nc5 Bxc5 24. Bxc5
a5 25. Rc3 Qxa4 26. Kb2 Rxc3 27. Qxc3 Kd7 28. Ra1 axb4 29. Rxa4 {1/2-1/2 (29)
Pavasovic,D (2527)-Stohl,I (2533) Sibenik 2005}) 21. Bxc4 $16 Qxc4 22. Rb3 Be7
23. Kb2 Kd7 (23... Ra8 $16) 24. f5 $18 Rc7 (24... Bc6 $142) 25. Be1 a5 26. Qf2
axb4 27. fxe6+ fxe6 {[#]} 28. Nxe6 $1 Qxg4 $2 (28... Rc6) (28... Kxe6 29. Qf5#)
29. Nxc7 Qxd1 30. Bxb4 {White mates.} Qh5 31. e6+ Kxc7 32. Qf4+ Kc6 33. Bxe7 {
Precision: White = 100%, Black = 36%.} 1-0

[Event "Yingmei Cup CHN-chT 2017"]
[Site "?"]
[Date "2017.07.28"]
[Round "10"]
[White "Yu, Yangyi"]
[Black "Zeng, Chongsheng"]
[Result "1-0"]
[WhiteElo "2750"]
[BlackElo "2536"]
[Annotator "TA"]
[PlyCount "141"]
[EventDate "2017.??.??"]
[SourceTitle "Ningbo"]

1. c4 Nf6 2. Nc3 g6 3. Nf3 Bg7 4. e4 d6 5. d4 O-O 6. h3 e5 7. d5 Nh5 8. g3 {
[%emt 0:00:06] E90: King's Indian: Classical: Early deviations and h3} f5 9.
exf5 gxf5 10. Nh4 {White is slightly better.} Nf4 11. gxf4 {aiming for Qh5.}
Qxh4 12. Rg1 (12. fxe5 $5 Nd7 13. e6 Bxc3+ 14. bxc3 Qe4+ 15. Be3 Qxh1 16. Qh5
$11) 12... e4 (12... Nd7 $15) 13. Be3 $146 ({Find the theoretical novelty and
annotate with similar games:} 13. Nb5 Na6 14. a4 Kh8 15. Ra3 Bf6 {1-0 (30)
Istratescu,A (2596)-Mostbauer,M (2135) Aschach 2016}) 13... Na6 14. Bd4 Rf7 15.
Qd2 Kf8 16. Bxg7+ (16. Nb5 {looks sharper.} Bxd4 17. Qxd4 Qf6 18. a3 Bd7 19. b4
) 16... Rxg7 17. Rxg7 Kxg7 18. O-O-O Bd7 19. Qe3 Nc5 20. Be2 Kf7 21. Rg1 Rg8
22. Rxg8 $1 Kxg8 23. Qg3+ Qxg3 24. fxg3 {Endgame KBN-KBN} a5 25. Kd2 Kg7 26.
Nd1 Kg6 27. g4 h6 28. Ne3 Kf6 29. b3 c6 30. Kc3 Na6 31. a3 Nc7 32. b4 axb4+ 33.
axb4 (33. Kxb4 $16 b6 34. dxc6 Bxc6 35. gxf5) 33... cxd5 $11 34. cxd5 b6 35.
Kd4 Bc8 36. gxf5 Ba6 37. Bxa6 Nxa6 38. Kxe4 Nxb4 $16 {KN-KN} 39. Ng4+ $1 Kg7
40. f6+ $1 Kg6 {[#] intending ...h5.} 41. f5+ (41. f7 $1 $18 Kxf7 42. Nxh6+ Kf6
43. Ng4+ Kg6 44. f5+ Kg7 45. h4) 41... Kf7 $14 42. Nxh6+ Kxf6 43. h4 Na6 $2 (
43... Kg7 $16 44. Ng4 b5) 44. Ng4+ $18 Kf7 45. h5 Nc5+ 46. Kd4 b5 47. Nf2 Nb3+
48. Ke3 Na5 49. Ne4 Nc4+ 50. Kd4 Kg7 51. Ng3 $2 ({White should try} 51. f6+ $18
Kf7 52. Kc3) 51... Nd2 $11 52. Kc3 Nc4 $1 53. Kd3 (53. Kb4 $5 Ne3 54. Ne4 (54.
Kxb5 Nxd5 55. Ka5 Kh6 $11) 54... Nxf5 55. Nf2 $11 (55. Kxb5 Kh6 $11)) 53...
Ne5+ 54. Kd4 Nf3+ 55. Kc3 {And now Ne4 would win.} Kf6 56. h6 {Black must now
prevent Nh5+.} Ng5 57. Kd4 Nf7 58. Ne4+ Kxf5 59. h7 {Strongly threatening
Nxd6+!} Kg6 {[#]} 60. Nxd6 $1 Nh8 (60... Nxd6 61. h8=Q) 61. Nxb5 {Hoping for
d6.} Kxh7 62. d6 Kg7 $2 {[#]} (62... Ng6 $14) 63. d7 $1 Nf7 {[#]} 64. Nd6 $1
Nd8 {[#]} (64... Nxd6 65. d8=Q) 65. Ke5 $1 Kg6 66. Ne4 Kf7 67. Kd6 {White
mates.} Kg6 68. Kc7 Nf7 69. Nd6 Ng5 70. Kc8 Ne6 71. Ne4 {Precision: White =
72%, Black = 51%.} 1-0

[Event "Yingmei Cup CHN-chT 2017"]
[Site "?"]
[Date "2017.07.28"]
[Round "10"]
[White "Li, Chao b"]
[Black "Wang, Chen"]
[Result "1-0"]
[WhiteElo "2735"]
[BlackElo "2505"]
[Annotator "TA"]
[PlyCount "91"]
[EventDate "2017.??.??"]
[SourceTitle "Ningbo"]

1. d4 Nf6 2. c4 e6 3. Nc3 d5 4. Bg5 Be7 5. e3 O-O 6. Nf3 Ne4 7. Bxe7 Qxe7 8.
Rc1 Nxc3 9. Rxc3 c6 10. Qc2 Nd7 11. Bd3 h6 {[%emt 0:00:07] D55: Queen's Gambit
Declined: 4 Bg5 Be: Lines without ...h6 and 6...h6 7 Bxf6} 12. O-O {LiveBook:
6 Games} Rd8 13. a3 Nf8 {[#] White is slightly better.} 14. Re1 $146 ({
Predecessor:} 14. Rc1 Bd7 15. Qe2 Be8 {1-0 (34) Ragozin,E (2510)-Brown,S (2295)
London 1994}) 14... Bd7 15. e4 dxc4 16. Bxc4 Be8 17. e5 Rac8 18. Ba2 Rc7 19. h3
b6 20. Rc1 Rdc8 21. b4 c5 22. bxc5 bxc5 23. dxc5 Ng6 24. Bb1 Bc6 25. Nd4 Qg5 $1
{[#]} 26. Nxc6 Rxc6 27. Qa4 {Black must now prevent Be4.} Nf4 $1 28. Qe4 Nxh3+
29. Kf1 Nf4 30. Rg3 Qh4 31. Kg1 $132 {Threatens to win with Qh7+. White puts
up resistance} g6 32. Rgc3 $1 {g3 is the strong threat.} ({Of course not} 32.
Rf3 Rxc5 33. Rxc5 Rxc5 $17) 32... Qg5 33. Rc4 Nd5 34. Bd3 Qd2 35. Qd4 Kg7 36.
g3 Rb8 37. Be4 Qxd4 38. Rxd4 Rb3 $2 {[#]} (38... Rd8 $14) 39. Rxd5 $1 $18 exd5
40. Bxd5 {Endgame KRR-KRB} Rbb6 41. Kg2 Ra6 {White should prevent ...Rc7.} 42.
Bxc6 Rxc6 43. Kf3 Kf8 44. Ke4 Ke7 45. Kd5 Ra6 $2 (45... Rc8 46. c6 Rd8+ 47. Ke4
Re8) 46. Rc3 {Precision: White = 59%, Black = 51%.} 1-0